000 00420nam a2200157Ia 4500
008 160316s2010 xxu||||| |||| 00| 0 eng d
082 _a364.300000
_bWEB
100 _aWebber Craig
245 _aPsychology and crime : Key aproaches to criminology
250 _a
260 _aNew Delhi
_bSage Publications
_c2010
300 _a212p
_b
_cxii
365 _b Rs. 1,669
650 _a1. Criminal Psychology
700 _a
_a
999 _c27775
_d27775